Indian climate change policy: Exploring a co-benefits based approach (Record no. 61052)

MARC details
000 -LEADER
fixed length control field 01302nam a2200169Ia 4500
100 ## - MAIN ENTRY--AUTHOR NAME
Personal name Dubash KNavroz
245 #0 - TITLE STATEMENT
Title Indian climate change policy: Exploring a co-benefits based approach
260 ## - PUBLICATION, DISTRIBUTION, ETC. (IMPRINT)
Name of publisher Economic & Political weekly
Year of publication 2013
300 ## - PHYSICAL DESCRIPTION
Number of Pages 47-61
520 ## - SUMMARY, ETC.
Summary, etc There is a growing body of climate-related policy in India; at the same time, there is no clear and consistent approach or framework that directs and guides these efforts. In this paper, we propose and develop a methodology for operationalising a co-benefits approach to climate policy formulation. We use the technique of multi-criteria analysis, which requires making choices between and examining trade-offs across multiple objectives of policy, such as growth, inclusion and environment. In addition, we develop a framework for consideration of implementation issues. We focus on policies related to energy; but we believe the approach can also be modified to address adaptation concerns. The structured tool of the sort proposed here would hopefully contribute to more informed and deliberative decision-making on climate-related issues.
650 ## - SUBJECT ADDED ENTRY--TOPICAL TERM
Topical Term Climate change policy
700 ## - ADDED ENTRY--PERSONAL NAME
Personal name Raghunandan D
700 ## - ADDED ENTRY--PERSONAL NAME
Personal name Sant Girish
700 ## - ADDED ENTRY--PERSONAL NAME
Personal name Sreenivas Ashok
942 ## - ADDED ENTRY ELEMENTS (KOHA)
Koha item type Journals
Holdings
Withdrawn status Lost status Damaged status Not for loan Home library Current library Shelving location Date acquired Serial Enumeration / chronology Koha item type
      Journals RRII Library RRII Library Climate change 19/08/2013 Volume XL8, Issue 22 Journals